| 000 | 00772nam a22002537a 4500 | ||
|---|---|---|---|
| 003 | PE SENCICO BE | ||
| 005 | 20251020182634.0 | ||
| 008 | 230330b |||||||| |||| 00| 0 eng d | ||
| 020 | _a9788415223597 | ||
| 040 |
_aPE SENCICO BE _cPE SENCICO BE |
||
| 041 | _aeng | ||
| 082 |
_a728.1 _bI5 |
||
| 100 | 1 |
_9857 _aInstituto Monsa de Ediciones |
|
| 245 | 1 |
_aTight budget architecture houses / _cInstituto Monsa de Ediciones |
|
| 250 | _a[1a ed.] | ||
| 260 |
_aBarcelona : _bMonsa, _c2012 |
||
| 300 |
_a[128] p. : _bil. col., lams., _c29 cm. |
||
| 650 | 1 | 4 |
_9858 _aViviendas de bajo costo |
| 650 | 2 | 4 |
_9370 _aArquitectura de viviendas |
| 650 | 2 | 4 |
_9806 _aArquitectura ecológica |
| 650 | 2 | 4 |
_959 _aConstrucción de viviendas |
| 910 |
_bhfp _chfp |
||
| 942 |
_2ddc _cLIB |
||
| 999 |
_c4086 _d4086 |
||